[Event "TUR-ch"]
[Site "Antalya"]
[Date "2013.02.09"]
[Round "11"]
[White "Buyukasik, Diyap"]
[Black "Babek, Aram"]
[Result "1-0"]
[WhiteElo "2070"]
[BlackElo "1817"]
[PlyCount "79"]
[EventDate "2013.02.02"]
[EventType "swiss"]
[EventRounds "11"]
[EventCountry "TUR"]
[SourceTitle "CBM 152 Extra"]
[Source "ChessBase"]
[SourceDate "2013.02.25"]
[SourceVersion "1"]
[SourceVersionDate "2013.02.25"]
[SourceQuality "1"]

1. d4 d5 2. c4 c6 3. Nc3 Nf6 4. Nf3 e6 5. Bg5 dxc4 6. a4 Bb4 7. Bxf6 Qxf6 8. e3 b5 9. Be2 Bb7 10. 0-0 a6 11. Qc2 Nd7 12. b3 cxb3 13. Qxb3 Qe7 14. Ne1 0-0 15. Nd3 Bd6 16. f4 Nb6 17. Rfe1 Nc4 18. Bf1 c5 19. axb5 Nxe3 20. dxc5 Nxf1 21. cxd6 Qxd6 22. Rad1 Ne3 23. Rxe3 Qd4 24. Kf2 Rfc8 25. Ne2 Qb6 26. Rb1 Bd5 27. Qb2 a5 28. Qd4 Qb7 29. Rg3 g6 30. Nc5 Qe7 31. Ne4 Bxe4 32. Qxe4 a4 33. b6 Rcb8 34. Qc6 Ra6 35. Qc7 Qf8 36. Rc3 a3 37. b7 a2 38. Ra1 Kg7 39. Qe5+ Kg8 40. Qxb8 1-0

[Event "TUR-ch"]
[Site "Antalya"]
[Date "2013.02.05"]
[Round "6"]
[White "Babek, Aram"]
[Black "Kurtoglu, Umit"]
[Result "1-0"]
[WhiteElo "1817"]
[BlackElo "1404"]
[PlyCount "41"]
[EventDate "2013.02.02"]
[EventType "swiss"]
[EventRounds "11"]
[EventCountry "TUR"]
[SourceTitle "CBM 152 Extra"]
[Source "ChessBase"]
[SourceDate "2013.02.25"]
[SourceVersion "1"]
[SourceVersionDate "2013.02.25"]
[SourceQuality "1"]

1. Nf3 Nf6 2. g3 e6 3. Bg2 d5 4. 0-0 Bc5 5. d4 Bb6 6. c4 c6 7. Nc3 Nbd7 8. Qd3 Bc7 9. Rd1 Bd6 10. e4 dxc4 11. Qxc4 Nb6 12. Qe2 Be7 13. Ne5 Qd6 14. Bf4 Qb4 15. Qc2 Nc4 16. a3 Qxb2 17. Qxb2 Nxb2 18. Rdb1 c5 19. Rxb2 cxd4 20. Nb5 0-0 21. Nxd4 1-0

[Event "TUR-ch"]
[Site "Antalya"]
[Date "2013.02.03"]
[Round "2"]
[White "Simsek, Cevdet"]
[Black "Babek, Aram"]
[Result "1-0"]
[WhiteElo "2073"]
[BlackElo "1817"]
[PlyCount "123"]
[EventDate "2013.02.02"]
[EventType "swiss"]
[EventRounds "11"]
[EventCountry "TUR"]
[SourceTitle "CBM 152 Extra"]
[Source "ChessBase"]
[SourceDate "2013.02.25"]
[SourceVersion "1"]
[SourceVersionDate "2013.02.25"]
[SourceQuality "1"]

1. d4 d5 2. Nf3 Nf6 3. c4 c6 4. Qc2 dxc4 5. Qxc4 Bf5 6. g3 e6 7. Bg2 Be7 8. 0-0 Nbd7 9. Nc3 0-0 10. a4 a5 11. Re1 Ne4 12. Nd2 Nd6 13. Qb3 Bg6 14. e4 Re8 15. Nf3 Nb6 16. Ne5 Bf8 17. Nxg6 hxg6 18. Bf1 Nd7 19. Be3 Rb8 20. Rad1 b5 21. e5 b4 22. exd6 bxc3 23. Qxc3 Bxd6 24. Qxc6 Bb4 25. Re2 Rc8 26. Qb5 Nf6 27. Qd3 Nd5 28. Bc1 Qd7 29. Qb5 Qc7 30. Bg2 Rb8 31. Qd3 Rec8 32. Bxd5 exd5 33. Bf4 Bd6 34. Rc1 Qd7 35. Rxc8+ Rxc8 36. Bxd6 Qxd6 37. Qd2 Qb6 38. Re7 Qf6 39. Re5 Qf3 40. Re3 Qf6 41. Rc3 Rb8 42. b3 Qf5 43. Qd3 Qe6 44. Qe3 Qb6 45. Kg2 Kf8 46. Qf4 Re8 47. Rc7 Qe6 48. Rc3 g5 49. Qf3 g4 50. Qf4 Qg6 51. Re3 Rc8 52. Qe5 Qc6 53. Qh5 f6 54. Qxg4 Kf7 55. Qh5+ Kg8 56. Qg4 Kf7 57. h4 g6 58. Qe2 Rc7 59. Qf3 Rb7 60. h5 Rb4 61. hxg6+ Kxg6 62. Qg4+ 1-0

[Event "TUR-ch"]
[Site "Kemer"]
[Date "2012.01.31"]
[Round "4"]
[White "Babek, Aram"]
[Black "Sari, Serdar"]
[Result "0-1"]
[WhiteElo "1829"]
[BlackElo "2065"]
[PlyCount "102"]
[EventDate "2012.01.29"]
[EventType "swiss"]
[EventRounds "10"]
[EventCountry "TUR"]
[SourceTitle "CBM 146 Extra"]
[Source "ChessBase"]
[SourceDate "2012.02.29"]
[SourceVersion "1"]
[SourceVersionDate "2012.02.29"]
[SourceQuality "1"]

1. Nf3 Nf6 2. g3 d5 3. Bg2 c5 4. 0-0 Nc6 5. d4 e6 6. c4 dxc4 7. Qa4 Bd7 8. dxc5 Bxc5 9. Qxc4 b6 10. Nc3 Rc8 11. e4 Ng4 12. Qe2 0-0 13. e5 f6 14. exf6 gxf6 15. Ne4 Be7 16. Rd1 Qc7 17. h3 Nge5 18. Bh6 Rf7 19. Rac1 Ng6 20. Nd4 Nxd4 21. Rxd4 Bc5 22. Rdd1 Qe5 23. b4 Bf8 24. Rxd7 Rxc1+ 25. Bxc1 Rxd7 26. Bb2 Rd4 27. f4 Rxe4 28. Bxe4 Qc7 29. Bxg6 hxg6 30. Qxe6+ Qf7 31. Qxf6 Qxf6 32. Bxf6 Bxb4 33. Bd4 Kf7 34. Kf2 Ke6 35. Ke3 Be1 36. g4 Kd5 37. Kd3 Bg3 38. Be3 Bh4 39. Bg1 Bg3 40. Ke3 Bh4 41. Kf3 Bd8 42. g5 a5 43. h4 b5 44. Kg4 Ke4 45. f5 gxf5+ 46. Kh5 b4 47. Kg6 a4 48. Bc5 b3 49. Ba3 bxa2 50. Bb2 a3 51. Ba1 Bb6 0-1